| 000 | 01166nam a2200241 i 4500 | ||
|---|---|---|---|
| 001 | 28693 | ||
| 003 | ES-MaACL | ||
| 005 | 20250404194255.0 | ||
| 007 | t| | ||
| 008 | 030120s1950 ag ||||1| spa d | ||
| 100 | 1 |
_aBaker, E. T. _924772 |
|
| 245 | 1 | 0 |
_aDiccionario de primeros auxilios médico-veterinarios / _cE. T. Baker ; [traducción de Carlos J. Tèaubler y Hans G. Gravenhorst]. |
| 260 |
_aBuenos Aires : _bLibrería del Colegio, _c1950 ( _fImpresora Argentina) |
||
| 300 |
_a234 p., 8 lám. : _b2 gráf. pleg. ; _c22 cm. |
||
| 650 | 7 |
_9174185 _aVeterinaria- _vDiccionarios |
|
| 700 | 1 |
_aTèaubler, Carlos J. _9133428 |
|
| 700 | 1 |
_aGravenhorst, Hans G. _959776 |
|
| 852 |
_aES-MaACL _jD-6564 _bR.31440 _bR.M.6155 _929786 _cSVI _fSello en tinta azul de la Biblioteca del Ateneo de Madrid. _fSello en tinta azul en hoja de guarda posterior de la Librería Nicolas Moya. _xEncuadernación en tela marrón con título en la cubierta en dorado. |
||
| 942 |
_2udc _cMONOGRAFIA |
||
| 999 |
_c28693 _d28693 |
||